[Event "Challenge"]
[Site "http://www.queenalice.com/game.php?id=1456058"]
[Date "2016.12.23"]
[Round "-"]
[White "hobgobski"]
[Black "Rutty"]
[Result "1-0"]
[WhiteElo "1100"]
[BlackElo "2134"]

1. e4 e5 2. Nf3 Nc6 3. Bb5 Bc5 4. c3 d6 5. d4 exd4 6. cxd4 Bb4+ 7. Nc3 Bxc3+ 8.
bxc3 Bd7 9. O-O a6 10. Ba4 b5 11. Bb3 Nge7 12. Re1 O-O 13. e5 Na5 14. Bc2 Nc4
15. exd6 cxd6 16. Ng5 Bf5 17. Rxe7 Qxe7 18. Bxf5 h6 19. Nf3 Rfe8 20. h3 Qe2 21.
Qxe2 Rxe2 22. Bd3 Re7 23. Bxc4 bxc4 24. Kf1 d5 25. Rb1 Kh7 26. Ba3 Re6 27. Ne5
f6 28. Ng4 Kg6 29. Ne3 Rd8 30. Bc5 f5 31. a4 h5 32. g3 Kf6 33. a5 Rd7 34. h4 g5
35. hxg5+ Kxg5 36. Ng2 Kg4 37. Nf4 Rh6 38. Kg2 h4 39. f3+ Kg5 40. Nh3+ Kh5 41.
Rb6 Rxb6 42. axb6 a5 43. Nf4+ Kg5 44. Nxd5 hxg3 45. Nc7 Rh7 46. b7 Rh2+ 47. Kxg3
Rb2 48. Bb4 axb4 49. b8=Q bxc3 50. Qg8+ Kf6 51. Nd5# 1-0

[Event "Challenge"]
[Site "http://www.queenalice.com/game.php?id=1456059"]
[Date "2016.12.23"]
[Round "-"]
[White "Rutty"]
[Black "hobgobski"]
[Result "1/2-1/2"]
[WhiteElo "2134"]
[BlackElo "1100"]

1. d4 Nf6 2. c4 e6 3. Nf3 b6 4. Nc3 Bb7 5. e3 g6 6. Bd3 Bg7 7. O-O O-O 8. b3 c5
9. Bb2 d6 10. Nd2 cxd4 11. exd4 Nc6 12. Ne2 Nb4 13. Nc1 Rc8 14. a3 Nxd3 15. Nxd3
d5 16. Ne5 dxc4 17. bxc4 Nd7 18. f4 Nxe5 19. fxe5 Re8 20. Qe2 Re7 21. Rac1 Rec7
22. Nf3 Ba6 23. Nd2 Bh6 24. Rc2 Bxd2 25. Qxd2 Rxc4 26. Rfc1 Rxc2 27. Rxc2 Rxc2
28. Qxc2 Qd5 29. Qf2 Qb3 30. h3 Qd5 31. Bc1 Bb7 32. Bh6 Qe4 33. Kh2 Bc6 34. Kg3
Bd5 35. Qf3 Qxf3+ 36. gxf3 Bc6 37. h4 Bd5 38. Kf2 Bc6 39. Ke2 Bb7 40. f4 Bd5 41.
Kd3 f5 42. exf6 Kf7 43. Bg5 Bb7 44. Kc4 a6 45. Kb4 Bc6 46. Kc4 Be4 47. Kb4
1/2-1/2

[Event "Challenge"]
[Site "http://www.queenalice.com/game.php?id=1478043"]
[Date "2017.5.14"]
[Round "-"]
[White "Rutty"]
[Black "hobgobski"]
[Result "0-1"]
[WhiteElo "2063"]
[BlackElo "1100"]

1. e4 e5 2. Nf3 Nc6 3. Nc3 g6 4. Bb5 Bg7 5. O-O Nge7 6. d3 h6 7. Be3 O-O 8. Qd2
Kh7 9. Nd5 Nxd5 10. exd5 Ne7 11. c4 a6 12. Ba4 b5 13. Bb3 d6 14. h3 f5 15. Qe2
Bb7 16. Rab1 c6 17. dxc6 Bxc6 18. cxb5 Bxb5 19. a4 Bc6 20. Bc2 a5 21. Rfc1 Qd7
22. b3 Qb7 23. Qf1 Bxf3 24. gxf3 Qxf3 25. Bd1 Qb7 26. Qg2 d5 27. Bc5 Rfc8 28.
Bxe7 Qxe7 29. Qxd5 Rxc1 30. Rxc1 Qg5+ 31. Kh2 Qxc1 32. Qxa8 Qxd1 33. Qxa5 Qxd3
34. Qb6 e4 35. a5 Qf1 36. Qc5 f4 37. b4 e3 38. fxe3 Qf2+ 39. Kh1 f3 0-1

[Event "Ruttys Revenge!"]
[Site "http://www.queenalice.com/game.php?id=1478434"]
[Date "2017.5.17"]
[Round "-"]
[White "hobgobski"]
[Black "Rutty"]
[Result "1-0"]
[WhiteElo "1100"]
[BlackElo "2095"]

1. e4 c5 2. Nc3 Nc6 3. g4 e6 4. Bg2 g6 5. d3 Bg7 6. h4 d5 7. exd5 exd5 8. Nxd5
Be6 9. Nf4 Qd7 10. Nxe6 Qxe6+ 11. Qe2 Qxe2+ 12. Nxe2 Nge7 13. c3 O-O 14. Be3 b6
15. O-O-O Rad8 16. f4 Nd5 17. Bf2 Rfe8 18. Be4 Nce7 19. h5 Nf6 20. Bf3 gxh5 21.
gxh5 h6 22. Rhg1 Kh7 23. d4 cxd4 24. Nxd4 Rg8 25. Rd2 Nfd5 26. Nf5 Nxf5 27. Bxd5
Nd6 28. Rgd1 Rgf8 29. Bf3 1-0

[Event "Challenge"]
[Site "http://www.queenalice.com/game.php?id=1494181"]
[Date "2017.9.12"]
[Round "-"]
[White "hobgobski"]
[Black "Rutty"]
[Result "1-0"]
[WhiteElo "1100"]
[BlackElo "2087"]

1. e4 e5 2. Nf3 Nc6 3. Bb5 Bc5 4. O-O d6 5. c3 a6 6. Bxc6+ bxc6 7. d4 exd4 8.
cxd4 Bb6 9. Nc3 Bg4 10. Be3 Nf6 11. h3 Bxf3 12. Qxf3 Qe7 13. e5 Nd7 14. exd6
Qxd6 15. Bf4 Qxd4 16. Rae1+ Kd8 17. Qxc6 1-0

[Event "Challenge"]
[Site "http://www.queenalice.com/game.php?id=1496726"]
[Date "2017.9.28"]
[Round "-"]
[White "Rutty"]
[Black "hobgobski"]
[Result "0-1"]
[WhiteElo "2107"]
[BlackElo "1100"]

1. e4 Nf6 2. Nc3 e5 3. Nf3 Nc6 4. Bc4 Nxe4 5. Nxe4 d5 6. Bxd5 Qxd5 7. d3 Bf5 8.
Nc3 Qd7 9. Be3 O-O-O 10. O-O Bg4 11. h3 Bh5 12. Nxe5 Bxd1 13. Nxd7 Bxc2 14. Nxf8
Bxd3 15. Rfd1 Rhxf8 16. Rd2 Rd7 17. Rad1 Rfd8 18. a3 f6 19. b4 Ne5 20. a4 Nc4
21. Ra2 Nxe3 22. fxe3 Bc4 23. Rxd7 Rxd7 24. Rb2 Rd3 25. Rc2 Rxe3 26. Kf2 Rd3 27.
a5 a6 28. Ne4 Bb5 29. Nc5 Rd6 30. g3 Rc6 31. Rd2 b6 32. axb6 cxb6 33. Ne4 Kc7
34. Kf3 Rc4 35. Rb2 Bc6 36. Re2 f5 0-1

[Event "Challenge"]
[Site "http://www.queenalice.com/game.php?id=1504138"]
[Date "2017.11.18"]
[Round "-"]
[White "hobgobski"]
[Black "Rutty"]
[Result "1-0"]
[WhiteElo "1100"]
[BlackElo "2140"]

1. e4 e5 2. Nf3 Nc6 3. Bb5 Bc5 4. c3 Nf6 5. O-O O-O 6. d4 exd4 7. cxd4 Bb6 8. e5
Nd5 9. Bc4 Nde7 10. d5 Na5 11. Bd3 Nxd5 12. Bxh7+ Kxh7 13. Ng5+ Kg6 14. Qxd5 d6
15. Qd3+ f5 16. Qg3 1-0

[Event "Challenge"]
[Site "http://www.queenalice.com/game.php?id=1516627"]
[Date "2018.2.19"]
[Round "-"]
[White "Rutty"]
[Black "hobgobski"]
[Result "0-1"]
[WhiteElo "2096"]
[BlackElo "1100"]

1. e4 e5 2. Nf3 Nc6 3. Bc4 Bc5 4. O-O Nf6 5. Nc3 d6 6. h3 O-O 7. d3 h6 8. Be3
Bxe3 9. fxe3 Be6 10. Nd5 Bxd5 11. exd5 Na5 12. e4 Nxc4 13. dxc4 Nxe4 14. Qe1 Nf6
15. Nd2 c6 16. Ne4 Nxe4 17. Qxe4 cxd5 18. Qxd5 Qc7 19. b3 Rad8 20. Rad1 Qc5+ 21.
Kh2 Qxd5 22. Rxd5 Rd7 23. g4 f6 24. Rfd1 Rfd8 25. h4 g6 26. Kg3 Kf7 27. c5 Ke6
28. cxd6 Rxd6 29. Rxd6+ Rxd6 30. Rxd6+ Kxd6 31. c4 Kc5 32. a3 f5 0-1

[Event "Challenge"]
[Site "http://www.queenalice.com/game.php?id=1524396"]
[Date "2018.4.21"]
[Round "-"]
[White "hobgobski"]
[Black "Rutty"]
[Result "1/2-1/2"]
[WhiteElo "1100"]
[BlackElo "2130"]

1. e4 c5 2. Nf3 Nc6 3. Nc3 g6 4. d4 cxd4 5. Nxd4 Bg7 6. Be3 e6 7. Ndb5 Bxc3+ 8.
Nxc3 f6 9. Be2 b6 10. Qd2 Kf7 11. O-O-O Nge7 12. Nb5 d5 13. exd5 exd5 14. h3 a6
15. Nc3 Be6 16. Bg4 Bxg4 17. hxg4 b5 18. Nxd5 Nxd5 19. Qxd5+ Qxd5 20. Rxd5 Rad8
21. Rxd8 Nxd8 22. Rd1 Ke6 23. f4 Nc6 24. Bc5 Rd8 25. Rxd8 Nxd8 26. Kd2 Nb7 27.
Bd4 f5 28. g5 Kd5 29. Kd3 Nd6 30. c3 Nc4 31. b3 Nd6 32. Be5 Ne4 33. c4+ bxc4+
34. bxc4+ Kc5 35. a3 Nf2+ 36. Kc3 Nd1+ 37. Kd2 Nf2 38. Kc3 Nd1+ 39. Kd2 Nf2 40.
Ke2 Ne4 41. Kd3 Nf2+ 42. Ke2 Ng4 43. Kd3 Nf2+ 44. Ke2 1/2-1/2

[Event "Challenge"]
[Site "http://www.queenalice.com/game.php?id=1542074"]
[Date "2018.9.13"]
[Round "-"]
[White "Rutty"]
[Black "hobgobski"]
[Result "0-1"]
[WhiteElo "2089"]
[BlackElo "1100"]

1. d4 d5 2. c4 c6 3. e3 Bf5 4. Nf3 e6 5. Nc3 Nd7 6. cxd5 exd5 7. Bd3 Bxd3 8.
Qxd3 Ngf6 9. O-O Be7 10. e4 dxe4 11. Nxe4 Nxe4 12. Qxe4 Nf6 13. Qe2 O-O 14. Be3
Re8 15. Qc2 Nd5 16. Bd2 Qb6 17. Ne5 Qxd4 18. Nf3 Qb6 19. b3 Rad8 20. Ng5 Bxg5
21. Bxg5 Rd6 22. Rae1 Rde6 23. Rxe6 Rxe6 24. h3 h6 25. Bh4 Qb4 26. Bg3 Qc3 27.
Qxc3 Nxc3 28. a3 a6 29. Kh2 Re2 30. Rc1 Nd5 31. Rd1 Ra2 32. a4 f5 33. Kg1 f4 34.
Bh2 Rb2 35. g4 Rxb3 36. Rd4 g5 37. h4 Rb4 38. Rxb4 Nxb4 39. hxg5 hxg5 40. f3 b5
41. axb5 cxb5 42. Kf1 a5 43. Ke1 Nc2+ 0-1

[Event "Challenge"]
[Site "http://www.queenalice.com/game.php?id=1558474"]
[Date "2019.1.28"]
[Round "-"]
[White "hobgobski"]
[Black "Rutty"]
[Result "1-0"]
[WhiteElo "1100"]
[BlackElo "2086"]

1. e4 e5 2. Nf3 Nc6 3. Bb5 Bc5 4. O-O d6 5. c3 a6 6. Ba4 b5 7. Bc2 Bg4 8. h3 Bh5
9. g4 Bg6 10. d4 exd4 11. cxd4 Bb6 12. d5 Ne5 13. Nc3 Qf6 14. Nxe5 Qxe5 15. Qf3
Nf6 16. Bf4 Qe7 17. Rae1 O-O 18. a3 Rfe8 19. h4 h5 20. g5 Ng4 21. Kh1 Bd4 22.
Qg2 Qd7 23. f3 Ne5 24. Rd1 Bb6 25. b3 Rac8 26. Bc1 f6 27. f4 Ng4 28. f5 fxg5 29.
fxg6 gxh4 30. Rf7 Re7 31. Rdf1 h3 32. Qf3 Rxf7 33. gxf7+ Kf8 34. e5 dxe5 35. Bf5
Qd8 36. Bxc8 Nf2+ 37. Rxf2 Bxf2 38. Qxf2 Qxc8 39. Be3 Qg4 40. Bc5# 1-0

[Event "Challenge"]
[Site "http://www.queenalice.com/game.php?id=1574907"]
[Date "2019.6.19"]
[Round "-"]
[White "Rutty"]
[Black "hobgobski"]
[Result "0-1"]
[WhiteElo "2150"]
[BlackElo "1100"]

1. d4 a6 2. e4 e6 3. Nf3 d5 4. e5 c5 5. c3 Ne7 6. Be2 Nbc6 7. O-O Bd7 8. dxc5
Qc7 9. Bf4 Ng6 10. Bg3 Bxc5 11. Nbd2 Ncxe5 12. Nxe5 Nxe5 13. Nf3 Nxf3+ 14. Bxf3
Qb6 15. Qc2 O-O 16. b4 Be7 17. Rfe1 Bf6 18. Bd6 Qxd6 19. Qb3 Rac8 20. Rac1 Rc7
21. c4 Rfc8 22. c5 Qf4 23. Rcd1 Be5 24. g3 Qf6 25. Bg2 Bc3 26. Re3 d4 27. Rf3
Qe7 28. h4 h6 29. a3 Kh8 30. Bh3 f6 31. Qc2 e5 32. Bxd7 Rxd7 33. Qf5 Rcd8 34. g4
e4 35. Rf4 e3 0-1

[Event "Challenge"]
[Site "http://www.queenalice.com/game.php?id=1587406"]
[Date "2019.10.19"]
[Round "-"]
[White "hobgobski"]
[Black "Rutty"]
[Result "1-0"]
[WhiteElo "1100"]
[BlackElo "2129"]

1. e4 e5 2. a3 Nf6 3. Nc3 Bc5 4. Nf3 d6 5. Bc4 O-O 6. d3 Bg4 7. O-O Nc6 8. h3
Bh5 9. Bg5 h6 10. Bxf6 Qxf6 11. Nd5 Qd8 12. g4 Bg6 13. b4 Bb6 14. a4 a6 15. Nxb6
cxb6 16. b5 Ne7 17. Qd2 Qd7 18. bxa6 bxa6 19. Rfb1 Rfb8 20. Rb2 h5 21. Qg5 hxg4
22. hxg4 Nc6 23. Qxg6 b5 24. Bd5 b4 25. Qh5 Ra7 26. Ng5 Nd8 27. c4 Rc8 28. Rxb4
Ne6 29. Bxe6 fxe6 30. Qh7+ Kf8 31. Qh8+ Ke7 32. Qxg7+ Kd8 33. Qf6+ Kc7 34. Nxe6+
Kc6 35. Rab1 1-0

[Event "Challenge"]
[Site "http://www.queenalice.com/game.php?id=1599803"]
[Date "2020.2.17"]
[Round "-"]
[White "Rutty"]
[Black "hobgobski"]
[Result "0-1"]
[WhiteElo "2125"]
[BlackElo "1100"]

1. e4 c5 2. Nf3 Qb6 3. Nc3 Nc6 4. Bc4 e6 5. O-O d6 6. d3 Nf6 7. Bb3 Be7 8. Be3
O-O 9. Qd2 a5 10. Na4 Qd8 11. c4 h6 12. Bc2 Ng4 13. h3 Nxe3 14. Qxe3 Bd7 15. a3
f5 16. d4 cxd4 17. Nxd4 f4 18. Qd2 Nxd4 19. Qxd4 f3 20. g3 e5 21. Qd5+ Kh8 22.
Kh2 Bxh3 23. Kxh3 Qe8 24. g4 Qg6 25. Qd2 Rf4 26. Rg1 Qg5 0-1

[Event "Challenge"]
[Site "http://www.queenalice.com/game.php?id=1616859"]
[Date "2020.6.15"]
[Round "-"]
[White "hobgobski"]
[Black "Rutty"]
[Result "1-0"]
[WhiteElo "1100"]
[BlackElo "2219"]

1. e4 e5 2. a3 b6 3. Nf3 Nc6 4. Bc4 Bd6 5. O-O Nf6 6. Re1 O-O 7. c3 Bb7 8. d4 h6
9. Nbd2 Re8 10. h3 exd4 11. cxd4 Bf4 12. e5 Nh7 13. g3 Bxd2 14. Bxd2 d5 15. exd6
Qxd6 16. Rxe8+ Rxe8 17. Bf4 Na5 18. Bxd6 1-0

[Event "Challenge"]
[Site "http://www.queenalice.com/game.php?id=1630195"]
[Date "2020.10.18"]
[Round "-"]
[White "hobgobski"]
[Black "Rutty"]
[Result "1-0"]
[WhiteElo "1100"]
[BlackElo "2156"]

1. e4 e5 2. Nf3 Nc6 3. Bb5 Bc5 4. c3 Nf6 5. d4 exd4 6. e5 Qe7 7. O-O Nd5 8. cxd4
Bb6 9. Bc4 Ndb4 10. a3 Na6 11. Nc3 O-O 12. Bg5 Qe8 13. Nd5 h6 14. Bxh6 Na5 15.
Qd3 Nxc4 16. Ng5 1-0

[Event "Challenge"]
[Site "http://www.queenalice.com/game.php?id=1645613"]
[Date "2021.3.4"]
[Round "-"]
[White "hobgobski"]
[Black "Rutty"]
[Result "1-0"]
[WhiteElo "1100"]
[BlackElo "2113"]

1. e4 e5 2. Nf3 Nc6 3. Bb5 Bc5 4. Ba4 Nf6 5. d3 h6 6. O-O d6 7. c3 O-O 8. h3 a6
9. Re1 b5 10. Bc2 Bb7 11. Nbd2 Qe7 12. Nf1 Qd7 13. Ng3 Ne7 14. d4 exd4 15. cxd4
Bb4 16. Bd2 Bxd2 17. Qxd2 Rad8 18. Rad1 c5 19. d5 Ng6 20. b4 c4 21. Nd4 Rfe8 22.
Ndf5 Kh7 23. Nxg7 Rh8 24. N7f5 Ng8 25. Nh5 1-0

[Event "Challenge"]
[Site "http://www.queenalice.com/game.php?id=1645614"]
[Date "2021.3.4"]
[Round "-"]
[White "Rutty"]
[Black "hobgobski"]
[Result "0-1"]
[WhiteElo "2122"]
[BlackElo "1100"]

1. e4 e5 2. Nf3 Nc6 3. Nc3 Nf6 4. Bb5 Nd4 5. d3 Bb4 6. Ba4 Qe7 7. O-O O-O 8. a3
Nxf3+ 9. Qxf3 Ba5 10. b4 Bb6 11. Nd5 Nxd5 12. exd5 d6 13. Bb2 Bd7 14. Bxd7 Qxd7
15. a4 a5 16. b5 f5 17. c4 Rae8 18. Qg3 f4 19. Qf3 Qf5 20. Rae1 g5 21. h3 Bc5
22. Bc3 b6 23. Re4 Qg6 24. Kh2 h5 25. Qd1 g4 26. d4 Bb4 27. Bxb4 Qxe4 0-1

[Event "Challenge"]
[Site "http://www.queenalice.com/game.php?id=1767108"]
[Date "2021.8.16"]
[Round "-"]
[White "Rutty"]
[Black "hobgobski"]
[Result "0-1"]
[WhiteElo "2226"]
[BlackElo "1100"]

1. e4 e5 2. Nf3 Nc6 3. Bc4 Bc5 4. O-O d6 5. h3 Nf6 6. d3 O-O 7. Nc3 Na5 8. Bg5
Nxc4 9. dxc4 Be6 10. Nd5 Bxd5 11. cxd5 h6 12. Bxf6 Qxf6 13. c3 Qf4 14. b4 Bb6
15. a4 a5 16. Qd3 axb4 17. cxb4 f5 18. Rfe1 Qg3 19. Ra2 Rxa4 20. Ree2 Rxa2 21.
Rxa2 fxe4 22. Qxe4 Rf4 23. Qe2 Rxb4 24. Rb2 Qxf2+ 25. Qxf2 Rxb2 0-1